[Event "Ruhrgebiet Verbandsliga Gruppe 1 1718"]
[Site "Germany"]
[Date "2017.12.03"]
[Round "4.1"]
[White "Trzaska, Peter"]
[Black "Stadtmann, Jens"]
[Result "1/2-1/2"]
[WhiteElo "2044"]
[BlackElo "2128"]
[PlyCount "31"]
[EventDate "2017.09.17"]
[EventType "team-tourn"]
[EventRounds "9"]
[EventCountry "GER"]
[SourceTitle "EXT 2022"]
[Source "ChessBase"]
[SourceDate "2021.10.06"]
[SourceVersion "1"]
[SourceVersionDate "2021.10.06"]
[SourceQuality "1"]
[WhiteTeam "Erkenschwick II"]
[BlackTeam "Bottrop SV"]
[WhiteTeamCountry "GER"]
[BlackTeamCountry "GER"]

1. c4 c5 2. Nf3 Nf6 3. d4 cxd4 4. Nxd4 d6 5. Nc3 a6 6. Bg5 e6 7. g3 Nbd7 8. Bg2 Qa5 9. Bxf6 Nxf6 10. Qa4+ Qxa4 11. Nxa4 Nd7 12. 0-0-0 Ra7 13. Nc3 b6 14. b3 Rc7 15. Kb2 Bb7 16. Bxb7 1/2-1/2

[Event "Ruhrgebiet Verbandsliga Gruppe 1 1718"]
[Site "Germany"]
[Date "2017.10.08"]
[Round "2.1"]
[White "Schlottmann, Fabian"]
[Black "Stadtmann, Jens"]
[Result "1-0"]
[WhiteElo "2282"]
[BlackElo "2128"]
[PlyCount "99"]
[EventDate "2017.09.17"]
[EventType "team-tourn"]
[EventRounds "9"]
[EventCountry "GER"]
[SourceTitle "EXT 2022"]
[Source "ChessBase"]
[SourceDate "2021.10.06"]
[SourceVersion "1"]
[SourceVersionDate "2021.10.06"]
[SourceQuality "1"]
[WhiteTeam "Boenen SV"]
[BlackTeam "Bottrop SV"]
[WhiteTeamCountry "GER"]
[BlackTeamCountry "GER"]

1. d4 Nf6 2. c4 e6 3. Nc3 Bb4 4. Bg5 h6 5. Bh4 Bxc3+ 6. bxc3 d6 7. Nf3 Nbd7 8. e3 0-0 9. Nd2 e5 10. Bd3 c5 11. 0-0 Qa5 12. Qc2 Re8 13. Rfb1 Qc7 14. h3 b6 15. Bg3 Bb7 16. a4 a5 17. d5 Rab8 18. f3 Kh8 19. Rb2 Nf8 20. Bh2 Bc8 21. Rab1 Kg8 22. g4 Qd8 23. Rb3 Re7 24. Bg3 Reb7 25. Kg2 Bd7 26. R3b2 Qe8 27. Ra2 Bc8 28. Rh1 g6 29. h4 N8h7 30. h5 g5 31. Rf1 Kg7 32. Qb1 Qe7 33. Rf2 Bd7 34. Qd1 Re8 35. Rb2 Rd8 36. Qb1 Rdb8 37. Bc2 Nf8 38. Rf1 Qe8 39. Qd1 Qe7 40. Re1 Rd8 41. Ne4 N8h7 42. Nf2 Re8 43. Qb1 Qd8 44. f4 exf4 45. exf4 Rxe1 46. Qxe1 Bxg4 47. Bxh7 Bxh5 48. Bf5 Re7 49. Qc1 g4 50. Bh4 1-0

[Event "Ruhrgebiet Verbandsliga Gruppe 1 1516"]
[Site "Germany"]
[Date "2016.03.20"]
[Round "8.1"]
[White "Rumpf, Thomas"]
[Black "Stadtmann, Jens"]
[Result "1/2-1/2"]
[WhiteElo "2021"]
[BlackElo "2104"]
[PlyCount "30"]
[EventDate "2015.09.06"]
[EventType "team-tourn"]
[EventRounds "9"]
[EventCountry "GER"]
[SourceTitle "EXT 2022"]
[Source "ChessBase"]
[SourceDate "2021.10.06"]
[SourceVersion "1"]
[SourceVersionDate "2021.10.06"]
[SourceQuality "1"]
[WhiteTeam "Dortmund Hansa III"]
[BlackTeam "Bottrop SV"]
[WhiteTeamCountry "GER"]
[BlackTeamCountry "GER"]

1. c4 c5 2. Nc3 Nf6 3. g3 d5 4. cxd5 Nxd5 5. Bg2 Nc7 6. Qa4+ Qd7 7. Nf3 Nc6 8. 0-0 e5 9. e3 Be7 10. Rd1 0-0 11. d4 cxd4 12. exd4 exd4 13. Nxd4 Nxd4 14. Qxd7 Bxd7 15. Rxd4 Bc8 1/2-1/2

[Event "Ruhrgebiet Verbandsliga Gruppe 1 1516"]
[Site "Germany"]
[Date "2016.02.21"]
[Round "7.1"]
[White "Stadtmann, Jens"]
[Black "Henrichs, Thomas"]
[Result "1/2-1/2"]
[WhiteElo "2104"]
[BlackElo "2408"]
[PlyCount "139"]
[EventDate "2015.09.06"]
[EventType "team-tourn"]
[EventRounds "9"]
[EventCountry "GER"]
[SourceTitle "EXT 2022"]
[Source "ChessBase"]
[SourceDate "2021.10.06"]
[SourceVersion "1"]
[SourceVersionDate "2021.10.06"]
[SourceQuality "1"]
[WhiteTeam "Bottrop SV"]
[BlackTeam "Dortmund SV"]
[WhiteTeamCountry "GER"]
[BlackTeamCountry "GER"]

1. c4 g6 2. Nc3 Bg7 3. g3 c5 4. Bg2 Nc6 5. a3 b6 6. Nf3 Bb7 7. 0-0 e6 8. d4 Nxd4 9. Nxd4 Bxg2 10. Nxe6 dxe6 11. Kxg2 Bxc3 12. bxc3 Qxd1 13. Rxd1 Nf6 14. Bf4 Nd7 15. Ra2 e5 16. Rad2 0-0-0 17. Bh6 Rhe8 18. Kf3 f6 19. e4 Rg8 20. h4 Nb8 21. Rxd8+ Rxd8 22. Rxd8+ Kxd8 23. Ke2 Nc6 24. g4 Ke7 25. f3 Na5 26. Kd3 Ke6 27. a4 Nb7 28. Be3 h5 29. gxh5 gxh5 30. Bh6 Na5 31. Be3 Nc6 32. Bf2 Na5 33. Be3 Nb7 34. Bf2 Nd6 35. a5 Nb7 36. axb6 axb6 37. Be3 Nd6 38. Bh6 Ke7 39. Be3 Nf7 40. f4 Kd7 41. f5 Kc6 42. Bd2 Kb7 43. Be3 Ka6 44. Bd2 Ka5 45. Bc1 Ka4 46. Bd2 Kb3 47. Be3 Ka4 48. Bd2 Ka5 49. Bc1 Ka6 50. Be3 Kb7 51. Bd2 Kc6 52. Be3 Kd7 53. Bd2 Nd6 54. Be3 Ke8 55. Bf2 b5 56. Bxc5 bxc4+ 57. Ke3 Nf7 58. Kf3 Nh6 59. Bb4 Kd7 60. Bf8 Ng4 61. Bb4 Kc6 62. Ke2 Kb5 63. Ba3 Ka4 64. Bb4 Kb3 65. Ba5 Kc2 66. Bb4 Nh6 67. Ba5 Kc1 68. Ke1 Kb2 69. Kd2 Ng4 70. Bb6 1/2-1/2

[Event "Ruhrgebiet Verbandsliga Gruppe 2 1415"]
[Site "Germany"]
[Date "2014.10.19"]
[Round "2.1"]
[White "Grosse Frintrop, Gerd"]
[Black "Stadtmann, Jens"]
[Result "1-0"]
[WhiteElo "1930"]
[BlackElo "2124"]
[PlyCount "73"]
[EventDate "2014.09.21"]
[EventType "team-tourn"]
[EventRounds "9"]
[EventCountry "GER"]
[SourceTitle "EXT 2022"]
[Source "ChessBase"]
[SourceDate "2021.10.06"]
[SourceVersion "1"]
[SourceVersionDate "2021.10.06"]
[SourceQuality "1"]
[WhiteTeam "Buer SF"]
[BlackTeam "Bottrop SV"]
[WhiteTeamCountry "GER"]
[BlackTeamCountry "GER"]

1. d4 Nf6 2. c4 e6 3. Nc3 Bb4 4. Qc2 0-0 5. a3 Bxc3+ 6. Qxc3 h6 7. e3 d6 8. Bd3 Qe7 9. Ne2 e5 10. dxe5 dxe5 11. Ng3 e4 12. Bc2 h5 13. h4 b6 14. b4 a5 15. Bb2 Bb7 16. Bd1 Rd8 17. Be2 axb4 18. axb4 Rxa1+ 19. Bxa1 Nc6 20. b5 Ne5 21. 0-0 Re8 22. Rd1 g6 23. Bb2 Kg7 24. Ra1 Qd8 25. Rd1 Qe7 26. Qd4 Qe6 27. Ra1 Ned7 28. Ra7 Rb8 29. Bd1 Nc5 30. Bxh5 Rh8 31. Rxb7 Nxb7 32. Nxe4 Rxh5 33. Nxf6 Rf5 34. Ne8+ Kf8 35. Nxc7 Qd6 36. Qh8+ Ke7 37. Qe8# 1-0

[Event "NRW Verbandsliga Group1 1314"]
[Site "Nordrheinwestfalen"]
[Date "2014.03.09"]
[Round "8.1"]
[White "Stadtmann, Jens"]
[Black "Kunisch, Siegfried"]
[Result "1/2-1/2"]
[WhiteElo "2126"]
[BlackElo "2019"]
[PlyCount "87"]
[EventDate "2013.09.08"]
[EventType "team-tourn"]
[EventRounds "9"]
[EventCountry "GER"]
[SourceTitle "EXT 2020"]
[Source "ChessBase"]
[SourceDate "2019.10.17"]
[SourceVersion "1"]
[SourceVersionDate "2019.10.17"]
[SourceQuality "1"]
[WhiteTeam "Bottrop SV"]
[BlackTeam "Listiger Bauer Essen"]
[WhiteTeamCountry "GER"]
[BlackTeamCountry "GER"]

1. Nf3 Nf6 2. c4 c5 3. Nc3 Nc6 4. d4 cxd4 5. Nxd4 Nxd4 6. Qxd4 g6 7. g3 Bg7 8. Bg2 d6 9. 0-0 0-0 10. Qd3 Rb8 11. Be3 a6 12. Ba7 Ra8 13. Bd4 Rb8 14. Rfc1 Be6 15. Nd5 Nxd5 16. cxd5 Bf5 17. e4 Bd7 18. Bxg7 Kxg7 19. Qd4+ Kg8 20. b4 Rc8 21. Bf1 Rc7 22. a3 Qb8 23. Qe3 Rfc8 24. Qg5 f6 25. Qd2 Bb5 26. Bh3 Bd7 27. Bxd7 Rxd7 28. h4 Rdc7 29. h5 gxh5 30. Qd1 Rc4 31. Rxc4 Rxc4 32. Qxh5 Qc8 33. Kg2 Rxe4 34. Rh1 Rg4 35. Qxh7+ Kf8 36. Re1 Qd7 37. Rc1 Rg5 38. Qh8+ Rg8 39. Qh6+ Rg7 40. Qh8+ Rg8 41. Qh6+ Rg7 42. f3 Qf5 43. Rc7 Qe5 44. g4 1/2-1/2

[Event "NRW Verbandsliga Group1 1314"]
[Site "Nordrheinwestfalen"]
[Date "2013.11.24"]
[Round "4"]
[White "Fuellgrabe, Thomas"]
[Black "Stadtmann, Jens"]
[Result "1/2-1/2"]
[WhiteElo "2323"]
[BlackElo "2126"]
[PlyCount "133"]
[EventDate "2013.09.08"]
[EventType "team-tourn"]
[EventRounds "9"]
[EventCountry "GER"]
[SourceTitle "EXT 2020"]
[Source "ChessBase"]
[SourceDate "2019.10.17"]
[SourceVersion "1"]
[SourceVersionDate "2019.10.17"]
[SourceQuality "1"]
[WhiteTeam "Welper SV"]
[BlackTeam "Bottrop SV"]
[WhiteTeamCountry "GER"]
[BlackTeamCountry "GER"]

1. e4 e6 2. d4 d5 3. Nd2 dxe4 4. Nxe4 Nd7 5. Nf3 Ngf6 6. Bd3 Nxe4 7. Bxe4 Nf6 8. Bg5 Be7 9. Bxf6 Bxf6 10. Qd3 h6 11. 0-0-0 c6 12. Kb1 Bd7 13. Ne5 Qc7 14. Qg3 Rf8 15. f4 0-0-0 16. Rd3 Kb8 17. Rhd1 g5 18. fxg5 hxg5 19. Rf1 Be7 20. Nxf7 Qxg3 21. Rxg3 Be8 22. Rgf3 Rxd4 23. Bd3 Rf4 24. Rxf4 gxf4 25. Ne5 Bd6 26. Re1 Kc7 27. Nc4 Bf7 28. c3 Rh8 29. h3 Rg8 30. Be4 Bg6 31. Bxg6 Rxg6 32. Re2 b5 33. Nd2 e5 34. Kc2 Rg3 35. Ne4 Rg6 36. Kd3 Be7 37. Nd2 Kd6 38. Ke4 Ke6 39. Nf3 Bf6 40. Rd2 Rg8 41. Ne1 Be7 42. Nf3 Bf6 43. Nh2 Rg3 44. Nf1 Rg8 45. Rc2 Rd8 46. Nd2 Rg8 47. Nf3 Rg7 48. c4 bxc4 49. Rxc4 Rxg2 50. Rxc6+ Kd7 51. Kf5 Rg3 52. Re6 Kd8 53. Rxf6 Rxf3 54. h4 Rh3 55. Rh6 f3 56. Kg4 Rh2 57. Kxf3 Rxb2 58. Ra6 e4+ 59. Kf4 Rh2 60. Kg3 Rh1 61. Re6 Ra1 62. h5 Rxa2 63. h6 Ra1 64. Rxe4 Rf1 65. Kg2 Rf6 66. Ra4 Rxh6 67. Rxa7 1/2-1/2

[Event "NRW Verbandsliga Group1 1314"]
[Site "Nordrheinwestfalen"]
[Date "2013.11.03"]
[Round "3.1"]
[White "Stadtmann, Jens"]
[Black "Steinle, Carsten"]
[Result "1/2-1/2"]
[WhiteElo "2126"]
[BlackElo "2105"]
[PlyCount "78"]
[EventDate "2013.09.08"]
[EventType "team-tourn"]
[EventRounds "9"]
[EventCountry "GER"]
[SourceTitle "EXT 2020"]
[Source "ChessBase"]
[SourceDate "2019.10.17"]
[SourceVersion "1"]
[SourceVersionDate "2019.10.17"]
[SourceQuality "1"]
[WhiteTeam "Bottrop SV"]
[BlackTeam "Ahlen SV"]
[WhiteTeamCountry "GER"]
[BlackTeamCountry "GER"]

1. c4 b6 2. Nf3 Bb7 3. e3 e6 4. b3 Nf6 5. Bb2 Be7 6. Be2 0-0 7. 0-0 c5 8. d4 d6 9. Nc3 Nbd7 10. Qc2 a6 11. Rad1 Rc8 12. Qb1 Rc7 13. e4 cxd4 14. Nxd4 Qa8 15. f3 Rd8 16. Kh1 Ne5 17. Qa1 Ng6 18. Rfe1 Nd7 19. Bf1 Nc5 20. Nde2 Bc6 21. b4 Nd7 22. b5 axb5 23. Nxb5 Bxb5 24. cxb5 Ra7 25. Nc1 Nde5 26. Bd4 Rb8 27. Qb2 Bf6 28. Qf2 Bd8 29. f4 Ng4 30. Qf3 Nf6 31. Bb2 Ra4 32. Bd3 e5 33. f5 Ne7 34. Bb1 Bc7 35. a3 Re8 36. Bc2 Ra5 37. a4 d5 38. exd5 Nexd5 39. Na2 e4 1/2-1/2

[Event "NRW Verbandsliga Group1 1314"]
[Site "Nordrheinwestfalen"]
[Date "2013.10.13"]
[Round "2"]
[White "Gockel, Mirco"]
[Black "Stadtmann, Jens"]
[Result "0-1"]
[WhiteElo "2014"]
[BlackElo "2126"]
[PlyCount "42"]
[EventDate "2013.09.08"]
[EventType "team-tourn"]
[EventRounds "9"]
[EventCountry "GER"]
[SourceTitle "EXT 2020"]
[Source "ChessBase"]
[SourceDate "2019.10.17"]
[SourceVersion "1"]
[SourceVersionDate "2019.10.17"]
[SourceQuality "1"]
[WhiteTeam "Essen Werden"]
[BlackTeam "Bottrop SV"]
[WhiteTeamCountry "GER"]
[BlackTeamCountry "GER"]

1. c4 c5 2. g3 Nf6 3. Bg2 d5 4. cxd5 Nxd5 5. Nc3 Nc7 6. Nf3 Nc6 7. 0-0 e5 8. e3 Be7 9. Re1 0-0 10. a3 Bg4 11. Qa4 Qd7 12. b4 cxb4 13. axb4 Bxb4 14. Ne4 a5 15. Qc2 Na6 16. Rd1 f5 17. Neg5 e4 18. Qc4+ Kh8 19. Ne6 Bxf3 20. Bb2 Rf6 21. Bxf3 Qxe6 0-1

[Event "Ruhrgebiet VK1 1213"]
[Site "Nordrheinwestfalen"]
[Date "2013.04.28"]
[Round "9"]
[White "Kordonowski, Frank"]
[Black "Stadtmann, Jens"]
[Result "1/2-1/2"]
[WhiteElo "2017"]
[BlackElo "2125"]
[PlyCount "20"]
[EventDate "2012.09.02"]
[EventType "team-tourn"]
[EventRounds "9"]
[EventCountry "GER"]
[SourceTitle "EXT 2020"]
[Source "ChessBase"]
[SourceDate "2019.10.17"]
[SourceVersion "1"]
[SourceVersionDate "2019.10.17"]
[SourceQuality "1"]
[WhiteTeam "Altenessen"]
[BlackTeam "Bottrop SV"]
[WhiteTeamCountry "GER"]
[BlackTeamCountry "GER"]

1. Nf3 Nf6 2. g3 d5 3. Bg2 c6 4. 0-0 Bf5 5. d3 h6 6. b3 e6 7. Bb2 Be7 8. Nbd2 0-0 9. c4 Nbd7 10. Qc2 Bh7 1/2-1/2

[Event "Ruhrgebiet VK1 1213"]
[Site "Nordrheinwestfalen"]
[Date "2012.09.02"]
[Round "1.1"]
[White "Wolff, Christoph"]
[Black "Stadtmann, Jens"]
[Result "0-1"]
[WhiteElo "1946"]
[BlackElo "2125"]
[PlyCount "58"]
[EventDate "2012.09.02"]
[EventType "team-tourn"]
[EventRounds "9"]
[EventCountry "GER"]
[SourceTitle "EXT 2020"]
[Source "ChessBase"]
[SourceDate "2019.10.17"]
[SourceVersion "1"]
[SourceVersionDate "2019.10.17"]
[SourceQuality "1"]
[WhiteTeam "Buer Hassel"]
[BlackTeam "Bottrop SV"]
[WhiteTeamCountry "GER"]
[BlackTeamCountry "GER"]

1. e4 e6 2. Qe2 c5 3. g3 Nc6 4. Nf3 g6 5. Bg2 Bg7 6. c3 Nge7 7. 0-0 0-0 8. Na3 b6 9. Nc2 a5 10. d3 Ba6 11. Bg5 h6 12. Bf4 e5 13. Bd2 d5 14. c4 dxe4 15. dxe4 Qc7 16. Ne3 Nd4 17. Qd3 Rad8 18. Nxd4 cxd4 19. Nd5 Nxd5 20. exd5 Qxc4 21. Qa3 Bb7 22. b4 Bxd5 23. Rfc1 Qe2 24. Bxd5 Rxd5 25. Qb3 Rfd8 26. Be1 d3 27. Bc3 d2 28. Rd1 Rd3 29. bxa5 e4 0-1

[Event "Ruhrgebiet VK2 1112"]
[Site "Nordrheinwestfalen"]
[Date "2012.04.22"]
[Round "9"]
[White "Stadtmann, Jens"]
[Black "Breidenbach, Olaf"]
[Result "1/2-1/2"]
[WhiteElo "2093"]
[BlackElo "1967"]
[PlyCount "49"]
[EventDate "2012.09.18"]
[EventType "team-tourn"]
[EventRounds "9"]
[EventCountry "GER"]
[SourceTitle "EXT 2020"]
[Source "ChessBase"]
[SourceDate "2019.10.17"]
[SourceVersion "1"]
[SourceVersionDate "2019.10.17"]
[SourceQuality "1"]
[WhiteTeam "Bottrop SV"]
[BlackTeam "Marten Boevinghausen"]
[WhiteTeamCountry "GER"]
[BlackTeamCountry "GER"]

1. d4 d5 2. Nf3 e6 3. Bf4 Nf6 4. e3 Be7 5. h3 0-0 6. Nbd2 c5 7. c3 b6 8. Ne5 Bb7 9. Bd3 Nbd7 10. Qf3 Qc8 11. Rc1 cxd4 12. exd4 Nxe5 13. Bxe5 Ba6 14. 0-0 Nd7 15. c4 Nxe5 16. dxe5 dxc4 17. Nxc4 Bxc4 18. Rxc4 Qe8 19. Rfc1 a5 20. Be4 Ra7 21. a3 Qb8 22. Qc3 g6 23. Rd1 b5 24. Rc6 b4 25. axb4 1/2-1/2

[Event "Ruhrgebiet VK2 1112"]
[Site "Nordrheinwestfalen"]
[Date "2012.03.25"]
[Round "8.1"]
[White "Nattermueller, Irina"]
[Black "Stadtmann, Jens"]
[Result "0-1"]
[WhiteElo "2051"]
[BlackElo "2093"]
[PlyCount "80"]
[EventDate "2012.09.18"]
[EventType "team-tourn"]
[EventRounds "9"]
[EventCountry "GER"]
[SourceTitle "EXT 2020"]
[Source "ChessBase"]
[SourceDate "2019.10.17"]
[SourceVersion "1"]
[SourceVersionDate "2019.10.17"]
[SourceQuality "1"]
[WhiteTeam "Ahlen SV II"]
[BlackTeam "Bottrop SV"]
[WhiteTeamCountry "GER"]
[BlackTeamCountry "GER"]

1. e4 e6 2. d4 d5 3. Nc3 dxe4 4. Nxe4 Nd7 5. Nf3 Ngf6 6. Bg5 Be7 7. Nxf6+ Nxf6 8. Bd3 a6 9. 0-0 c5 10. c3 cxd4 11. cxd4 Nd5 12. Bxe7 Qxe7 13. Rc1 0-0 14. Re1 b6 15. Re5 g6 16. Qd2 f6 17. Re4 Ra7 18. Rce1 Rd8 19. h4 Rc7 20. Rg4 Qf8 21. Rg3 a5 22. a3 Kh8 23. Bb1 Re7 24. Qc2 Nf4 25. Qe4 Nh5 26. Rh3 e5 27. Rh1 Bb7 28. Qe3 Bxf3 29. Qxf3 Rxd4 30. Qc6 Qd8 31. Ba2 Red7 32. Qb5 Nf4 33. g3 Nd3 34. Rf1 e4 35. h5 g5 36. h6 Ne5 37. Kg2 e3 38. Re1 Qa8+ 39. Kh3 g4+ 40. Kh4 Nf3+ 0-1

[Event "Ruhrgebiet VK2 1112"]
[Site "Nordrheinwestfalen"]
[Date "2011.11.13"]
[Round "3.1"]
[White "Stadtmann, Jens"]
[Black "Morawietz, Manuel"]
[Result "1-0"]
[WhiteElo "2093"]
[BlackElo "1875"]
[PlyCount "99"]
[EventDate "2012.09.18"]
[EventType "team-tourn"]
[EventRounds "9"]
[EventCountry "GER"]
[SourceTitle "EXT 2020"]
[Source "ChessBase"]
[SourceDate "2019.10.17"]
[SourceVersion "1"]
[SourceVersionDate "2019.10.17"]
[SourceQuality "1"]
[WhiteTeam "Bottrop SV"]
[BlackTeam "Dortmund FS 98 II"]
[WhiteTeamCountry "GER"]
[BlackTeamCountry "GER"]

1. c4 e5 2. Nc3 c5 3. g3 Nf6 4. Bg2 Nc6 5. d3 Be7 6. a3 0-0 7. Rb1 Rb8 8. Bd2 a6 9. Nf3 d5 10. cxd5 Nxd5 11. Nxe5 Nxc3 12. Bxc3 Nxe5 13. Bxe5 Bd6 14. Bxd6 Qxd6 15. 0-0 f5 16. f4 Re8 17. e4 Rd8 18. Qf3 Be6 19. Rbc1 b6 20. Rc3 Rd7 21. h3 Rbd8 22. Kh2 g6 23. Qe3 Qd4 24. Re1 a5 25. Qxd4 Rxd4 26. Re3 Kf7 27. Bf3 c4 28. exf5 Bxf5 29. dxc4 Rd2+ 30. Kg1 Rxb2 31. Bd5+ Kf6 32. g4 Bc8 33. Rb3 Rxb3 34. Rxb3 Rd6 35. Kf2 h6 36. Ke3 g5 37. Rb2 h5 38. f5 Ke5 39. Bg8 Bd7 40. Bf7 hxg4 41. hxg4 Ba4 42. Bh5 Bd7 43. Rc2 Ba4 44. Rc3 Rc6 45. Be8 Rh6 46. Bxa4 Rh3+ 47. Kd2 Rh2+ 48. Kc1 Kd4 49. Rf3 Ke4 50. Bc6+ 1-0

[Event "Ruhrgebiet VK2 1112"]
[Site "Nordrheinwestfalen"]
[Date "2011.10.09"]
[Round "2.1"]
[White "Mittmann, Volker"]
[Black "Stadtmann, Jens"]
[Result "0-1"]
[WhiteElo "1927"]
[BlackElo "2093"]
[PlyCount "76"]
[EventDate "2012.09.18"]
[EventType "team-tourn"]
[EventRounds "9"]
[EventCountry "GER"]
[SourceTitle "EXT 2020"]
[Source "ChessBase"]
[SourceDate "2019.10.17"]
[SourceVersion "1"]
[SourceVersionDate "2019.10.17"]
[SourceQuality "1"]
[WhiteTeam "Drewer SG"]
[BlackTeam "Bottrop SV"]
[WhiteTeamCountry "GER"]
[BlackTeamCountry "GER"]

1. e4 e6 2. d4 d5 3. Nc3 Bb4 4. exd5 exd5 5. Bd3 Nc6 6. a3 Be7 7. Nge2 Bf6 8. Be3 Nge7 9. Qd2 Bf5 10. h3 Qd7 11. g4 Bxd3 12. Qxd3 g6 13. 0-0-0 0-0-0 14. Qb5 Kb8 15. Nf4 a6 16. Qa4 h5 17. gxh5 g5 18. Nd3 Rxh5 19. Nc5 Qc8 20. b4 Na7 21. Kb2 c6 22. Qb3 Nf5 23. Ka2 Rdh8 24. N3a4 Qd8 25. Qd3 Nxe3 26. Qxe3 Nc8 27. Qf3 Ka7 28. Nb2 Rh4 29. Nb3 Nd6 30. a4 Ne4 31. Rdf1 Qc8 32. b5 Rxh3 33. Rxh3 Rxh3 34. Qg2 cxb5 35. axb5 Rc3 36. Rc1 Rxb3 37. Kxb3 Qc3+ 38. Ka2 Qa5+ 0-1

[Event "Ruhrgebiet Verbandsliga1 1011"]
[Site "Nordrheinwestfalen"]
[Date "2011.04.10"]
[Round "9.1"]
[White "Stadtmann, Jens"]
[Black "Koehn, Peter"]
[Result "1-0"]
[WhiteElo "2088"]
[BlackElo "2252"]
[PlyCount "131"]
[EventDate "2011.09.12"]
[EventType "team-tourn"]
[EventRounds "9"]
[EventCountry "GER"]
[SourceTitle "EXT 2020"]
[Source "ChessBase"]
[SourceDate "2019.10.17"]
[SourceVersion "1"]
[SourceVersionDate "2019.10.17"]
[SourceQuality "1"]
[WhiteTeam "Bottrop SV"]
[BlackTeam "Wattenscheid SV"]
[WhiteTeamCountry "GER"]
[BlackTeamCountry "GER"]

1. c4 c5 2. Nf3 b6 3. d4 cxd4 4. Qxd4 Bb7 5. Nc3 d6 6. b3 Nf6 7. Bb2 g6 8. e3 Bg7 9. Be2 Nbd7 10. 0-0 0-0 11. Nd5 Rc8 12. Nxf6+ Nxf6 13. Rac1 Rc5 14. Rfd1 Qa8 15. Ne1 Rg5 16. f3 Rd8 17. e4 Bh6 18. Rc2 Rc5 19. Bf1 Rcc8 20. Qf2 Bg7 21. Nd3 Nd7 22. Bxg7 Kxg7 23. Rcd2 Qb8 24. Qd4+ e5 25. Qb2 Nf8 26. Nc1 Ne6 27. Rxd6 Nd4 28. Rxd8 Rxd8 29. Re1 Qd6 30. Qf2 Rf8 31. Nd3 f5 32. exf5 Rxf5 33. Qg3 Bxf3 34. Rxe5 Rxe5 35. Qxe5+ Qxe5 36. Nxe5 Be4 37. Nd3 Kf6 38. Kf2 Nc2 39. g3 g5 40. Nc1 Nb4 41. Ke3 Bb1 42. Kd2 a5 43. a3 Nc6 44. Ne2 Ke5 45. Nc3 Bf5 46. Na4 Nd4 47. Kc3 g4 48. Nxb6 Nf3 49. b4 axb4+ 50. axb4 Nxh2 51. Bg2 h5 52. c5 Nf3 53. Nc4+ Ke6 54. Ne3 Be4 55. b5 Ng5 56. Kd4 Bxg2 57. Nxg2 Kd7 58. Kd5 Nf3 59. c6+ Kc8 60. b6 Kb8 61. Kd6 Kc8 62. Nf4 Kb8 63. Nd5 Ng5 64. c7+ Kb7 65. Ne7 Ne4+ 66. Kd5 1-0

[Event "Ruhrgebiet Verbandsliga1 1011"]
[Site "Nordrheinwestfalen"]
[Date "2011.03.20"]
[Round "8.1"]
[White "Schreck, Roland"]
[Black "Stadtmann, Jens"]
[Result "1/2-1/2"]
[WhiteElo "2170"]
[BlackElo "2088"]
[PlyCount "51"]
[EventDate "2011.09.12"]
[EventType "team-tourn"]
[EventRounds "9"]
[EventCountry "GER"]
[SourceTitle "EXT 2020"]
[Source "ChessBase"]
[SourceDate "2019.10.17"]
[SourceVersion "1"]
[SourceVersionDate "2019.10.17"]
[SourceQuality "1"]
[WhiteTeam "Bochum-Linden-Dahlhausen"]
[BlackTeam "Bottrop SV"]
[WhiteTeamCountry "GER"]
[BlackTeamCountry "GER"]

1. c4 Nf6 2. Nc3 c5 3. g3 d5 4. cxd5 Nxd5 5. Bg2 Nc7 6. Nf3 Nc6 7. 0-0 e5 8. d3 Be7 9. Bd2 0-0 10. Rc1 Bd7 11. a3 f6 12. Ne4 Ne6 13. b4 cxb4 14. axb4 Nxb4 15. Qb3 a5 16. Bh3 Ra6 17. Bxb4 Bxb4 18. Nc5 Bxc5 19. Rxc5 Kh8 20. Rd5 Qc7 21. Qa3 Re8 22. Rc1 Rc6 23. Rxc6 Bxc6 24. Rxa5 Qf7 25. Ra8 Bxf3 26. Bxe6 1/2-1/2

[Event "Ruhrgebiet Verbandsliga1 1011"]
[Site "Nordrheinwestfalen"]
[Date "2011.01.16"]
[Round "5"]
[White "Lange, Andreas"]
[Black "Stadtmann, Jens"]
[Result "1/2-1/2"]
[WhiteElo "2007"]
[BlackElo "2088"]
[PlyCount "60"]
[EventDate "2011.09.12"]
[EventType "team-tourn"]
[EventRounds "9"]
[EventCountry "GER"]
[SourceTitle "EXT 2020"]
[Source "ChessBase"]
[SourceDate "2019.10.17"]
[SourceVersion "1"]
[SourceVersionDate "2019.10.17"]
[SourceQuality "1"]
[WhiteTeam "Doppelbauer Brambauer"]
[BlackTeam "Bottrop SV"]
[WhiteTeamCountry "GER"]
[BlackTeamCountry "GER"]

1. g3 c5 2. c4 Nf6 3. Bg2 d5 4. Nf3 Nc6 5. cxd5 Nxd5 6. Nc3 e5 7. Nxe5 Nxc3 8. Nxc6 Nxd1 9. Nxd8 Nxf2 10. Nxf7 Kxf7 11. 0-0 Be7 12. Bd5+ Kg6 13. Rxf2 Bf6 14. d3 Re8 15. Bd2 Re5 16. Be4+ Rxe4 17. dxe4 Bxb2 18. Rb1 Bd4 19. e3 Bf6 20. Bc1 b6 21. Bb2 Bg5 22. Re1 Be6 23. Rd2 Be7 24. Be5 c4 25. Bd6 Bxd6 26. Rxd6 Kf6 27. Rc6 Rd8 28. Re2 Ke5 29. Kf2 Rd7 30. Rb2 Re7 1/2-1/2

[Event "Ruhrgebiet VL2 0910"]
[Site "Germany"]
[Date "2010.01.31"]
[Round "6.1"]
[White "Hahn, Matthias"]
[Black "Stadtmann, Jens"]
[Result "1/2-1/2"]
[WhiteElo "2085"]
[BlackElo "2215"]
[PlyCount "35"]
[EventDate "2009.09.06"]
[EventType "team-tourn"]
[EventRounds "9"]
[EventCountry "GER"]
[SourceTitle "EXT 2011"]
[Source "ChessBase"]
[SourceDate "2010.11.26"]
[SourceVersion "1"]
[SourceVersionDate "2010.11.26"]
[SourceQuality "1"]
[WhiteTeam "Linden"]
[BlackTeam "Bottrop"]
[WhiteTeamCountry "GER"]
[BlackTeamCountry "GER"]

1. d4 Nf6 2. c4 e6 3. Nf3 Bb4+ 4. Bd2 Qe7 5. g3 0-0 6. Bg2 Bxd2+ 7. Nbxd2 d6 8. 0-0 e5 9. dxe5 dxe5 10. Ng5 c6 11. Qc2 h6 12. Nge4 Nxe4 13. Nxe4 f5 14. Nd2 Be6 15. Qc3 Nd7 16. Nf3 Qc5 17. Rac1 a5 18. Rfd1 1/2-1/2